<?xml version="1.0" encoding="UTF-8"?>
<record
    xmlns:xsi="http://www.w3.org/2001/XMLSchema-instance"
    xsi:schemaLocation="http://www.loc.gov/MARC21/slim http://www.loc.gov/standards/marcxml/schema/MARC21slim.xsd"
    xmlns="http://www.loc.gov/MARC21/slim">

  <leader>00702nam a2200229Ia 4500</leader>
  <controlfield tag="005">20230825140809.0</controlfield>
  <controlfield tag="008">210716s2007    xx            000 0 und d</controlfield>
  <datafield tag="020" ind1=" " ind2=" ">
    <subfield code="a">8174465561</subfield>
  </datafield>
  <datafield tag="040" ind1=" " ind2=" ">
    <subfield code="c">AIMIT LIBRARY</subfield>
  </datafield>
  <datafield tag="041" ind1=" " ind2=" ">
    <subfield code="a">eng</subfield>
  </datafield>
  <datafield tag="082" ind1=" " ind2=" ">
    <subfield code="a">368 </subfield>
    <subfield code="2">1</subfield>
    <subfield code="b">GULN</subfield>
  </datafield>
  <datafield tag="100" ind1=" " ind2=" ">
    <subfield code="a">Gulati, Neelam C.</subfield>
    <subfield code="9">130537</subfield>
  </datafield>
  <datafield tag="245" ind1=" " ind2=" ">
    <subfield code="a">Principles of insurance management /</subfield>
    <subfield code="c">By Neelam C Gulati.</subfield>
  </datafield>
  <datafield tag="250" ind1=" " ind2=" ">
    <subfield code="a">1st ed.</subfield>
  </datafield>
  <datafield tag="260" ind1=" " ind2=" ">
    <subfield code="a">New Delhi :</subfield>
    <subfield code="b">Excel Books ,</subfield>
    <subfield code="c">2007.</subfield>
  </datafield>
  <datafield tag="300" ind1=" " ind2=" ">
    <subfield code="a">xiii,342p. ;</subfield>
    <subfield code="b">HB</subfield>
    <subfield code="c">24 cm</subfield>
  </datafield>
  <datafield tag="650" ind1=" " ind2=" ">
    <subfield code="a">Insurance(368)</subfield>
    <subfield code="9">130538</subfield>
  </datafield>
  <datafield tag="651" ind1=" " ind2=" ">
    <subfield code="a">The concept of risk</subfield>
    <subfield code="9">130539</subfield>
  </datafield>
  <datafield tag="651" ind1=" " ind2=" ">
    <subfield code="a">Risk appraisal and selection</subfield>
    <subfield code="9">130540</subfield>
  </datafield>
  <datafield tag="651" ind1=" " ind2=" ">
    <subfield code="a">Basic of life insurance</subfield>
    <subfield code="9">130541</subfield>
  </datafield>
  <datafield tag="942" ind1=" " ind2=" ">
    <subfield code="2">ddc</subfield>
    <subfield code="c">BK</subfield>
    <subfield code="e">1st</subfield>
    <subfield code="k">368.01 GULN</subfield>
  </datafield>
  <datafield tag="999" ind1=" " ind2=" ">
    <subfield code="c">203240</subfield>
    <subfield code="d">203240</subfield>
  </datafield>
  <datafield tag="952" ind1=" " ind2=" ">
    <subfield code="0">0</subfield>
    <subfield code="1">0</subfield>
    <subfield code="2">ddc</subfield>
    <subfield code="4">0</subfield>
    <subfield code="7">0</subfield>
    <subfield code="8">MBA</subfield>
    <subfield code="a">AIMIT</subfield>
    <subfield code="b">AIMIT</subfield>
    <subfield code="d">2009-02-16</subfield>
    <subfield code="g">250.00</subfield>
    <subfield code="i">Bill no:8445; Bill dt:2010-03-18</subfield>
    <subfield code="l">0</subfield>
    <subfield code="o">368 GULN</subfield>
    <subfield code="p">MBA05806</subfield>
    <subfield code="r">2026-05-23 00:00:00</subfield>
    <subfield code="v">200.00</subfield>
    <subfield code="w">2021-07-16</subfield>
    <subfield code="y">BK</subfield>
  </datafield>
  <datafield tag="952" ind1=" " ind2=" ">
    <subfield code="0">0</subfield>
    <subfield code="1">0</subfield>
    <subfield code="2">ddc</subfield>
    <subfield code="4">0</subfield>
    <subfield code="7">0</subfield>
    <subfield code="8">MBA</subfield>
    <subfield code="a">AIMIT</subfield>
    <subfield code="b">AIMIT</subfield>
    <subfield code="d">2010-03-31</subfield>
    <subfield code="g">250.00</subfield>
    <subfield code="i">Bill no:641; Bill dt:2010-03-18</subfield>
    <subfield code="l">0</subfield>
    <subfield code="o">368.01 GULN</subfield>
    <subfield code="p">MBA07838</subfield>
    <subfield code="r">2026-05-23 00:00:00</subfield>
    <subfield code="v">200.00</subfield>
    <subfield code="w">2021-07-16</subfield>
    <subfield code="y">BK</subfield>
  </datafield>
  <datafield tag="952" ind1=" " ind2=" ">
    <subfield code="0">0</subfield>
    <subfield code="1">0</subfield>
    <subfield code="2">ddc</subfield>
    <subfield code="4">0</subfield>
    <subfield code="7">0</subfield>
    <subfield code="8">MBA</subfield>
    <subfield code="a">AIMIT</subfield>
    <subfield code="b">AIMIT</subfield>
    <subfield code="d">2010-03-31</subfield>
    <subfield code="g">250.00</subfield>
    <subfield code="i">Bill no:641; Bill dt:2010-03-18</subfield>
    <subfield code="l">0</subfield>
    <subfield code="o">368.01 GULN</subfield>
    <subfield code="p">MBA07839</subfield>
    <subfield code="r">2026-05-23 00:00:00</subfield>
    <subfield code="v">200.00</subfield>
    <subfield code="w">2021-07-16</subfield>
    <subfield code="y">BK</subfield>
  </datafield>
  <datafield tag="952" ind1=" " ind2=" ">
    <subfield code="0">0</subfield>
    <subfield code="1">0</subfield>
    <subfield code="2">ddc</subfield>
    <subfield code="4">0</subfield>
    <subfield code="7">0</subfield>
    <subfield code="8">MBA</subfield>
    <subfield code="a">AIMIT</subfield>
    <subfield code="b">AIMIT</subfield>
    <subfield code="d">2010-03-31</subfield>
    <subfield code="g">250.00</subfield>
    <subfield code="i">Bill no:641; Bill dt:2010-03-18</subfield>
    <subfield code="l">0</subfield>
    <subfield code="o">368.01 GULN</subfield>
    <subfield code="p">MBA07840</subfield>
    <subfield code="r">2026-05-23 00:00:00</subfield>
    <subfield code="v">200.00</subfield>
    <subfield code="w">2021-07-16</subfield>
    <subfield code="y">BK</subfield>
  </datafield>
  <datafield tag="952" ind1=" " ind2=" ">
    <subfield code="0">0</subfield>
    <subfield code="1">0</subfield>
    <subfield code="2">ddc</subfield>
    <subfield code="4">0</subfield>
    <subfield code="7">0</subfield>
    <subfield code="8">MBA</subfield>
    <subfield code="a">AIMIT</subfield>
    <subfield code="b">AIMIT</subfield>
    <subfield code="d">2010-03-31</subfield>
    <subfield code="g">250.00</subfield>
    <subfield code="i">Bill no:641; Bill dt:2010-03-18</subfield>
    <subfield code="l">0</subfield>
    <subfield code="o">368.01 GULN</subfield>
    <subfield code="p">MBA07841</subfield>
    <subfield code="r">2026-05-23 00:00:00</subfield>
    <subfield code="v">200.00</subfield>
    <subfield code="w">2021-07-16</subfield>
    <subfield code="y">BK</subfield>
  </datafield>
  <datafield tag="952" ind1=" " ind2=" ">
    <subfield code="0">0</subfield>
    <subfield code="1">0</subfield>
    <subfield code="2">ddc</subfield>
    <subfield code="4">0</subfield>
    <subfield code="7">0</subfield>
    <subfield code="8">MBA</subfield>
    <subfield code="a">AIMIT</subfield>
    <subfield code="b">AIMIT</subfield>
    <subfield code="d">2010-03-31</subfield>
    <subfield code="g">250.00</subfield>
    <subfield code="i">Bill no:641; Bill dt:2010-03-18</subfield>
    <subfield code="l">0</subfield>
    <subfield code="o">368.01 GULN</subfield>
    <subfield code="p">MBA07842</subfield>
    <subfield code="r">2026-05-23 00:00:00</subfield>
    <subfield code="v">200.00</subfield>
    <subfield code="w">2021-07-16</subfield>
    <subfield code="y">BK</subfield>
  </datafield>
</record>
